| 000 | 00358cam a2200145ua 4500 | ||
|---|---|---|---|
| 041 |
_aeng _h |
||
| 082 |
_a821 _bMAR/SE |
||
| 100 | _aMare, Walter De La . | ||
| 245 |
_aSelected poems / _cWalter de la mare. _hTextual Documents |
||
| 260 |
_aLondon : _bFaber and faber ltd , _c1963. |
||
| 300 | _a208 ; . | ||
| 504 | _a | ||
| 942 | _cBK | ||
| 999 |
_c4982 _d4982 |
||